Проектно-ориентированное обучение в системе элитного технического образования в ТПУ; Уровневая подготовка специалистов: государственные и международные стандарты инженерного образования

Bibliografiset tiedot
Parent link:Уровневая подготовка специалистов: государственные и международные стандарты инженерного образования.— 2013.— [С. 160-163]
Päätekijä: Замятина О. М. Оксана Михайловна
Yhteisötekijät: Национальный исследовательский Томский политехнический университет (ТПУ) Институт кибернетики (ИК) Кафедра оптимизации систем управления (ОСУ), Национальный исследовательский Томский политехнический университет (ТПУ) Отдел элитного образования (ОЭО)
Muut tekijät: Мозгалева П. И. Полина Игоревна, Лычаева М. В. Марина Владимировна
Yhteenveto:Заглавие с экрана
В статье рассматривается опыт организации проектной работы в системе элитного технического образования (ЭТО) ТПУ. Система ЭТО, реализуемая в ТПУ с 2004 года, создаёт условия для формирования у студентов личностных и междисциплинарных компетенций, которые дают возможность применять полученные знания на практике
Kieli:venäjä
Julkaistu: 2013
Sarja:Современные формы и методы обучения в инженерном образовани
Aiheet:
Linkit:http://www.lib.tpu.ru/fulltext/c/2013/C09/091.pdf
Aineistotyyppi: MixedMaterials Elektroninen Kirjan osa
KOHA link:https://koha.lib.tpu.ru/cgi-bin/koha/opac-detail.pl?biblionumber=242433

MARC

LEADER 00000naa2a2200000 4500
001 242433
005 20251210132519.0
035 |a (RuTPU)RU\TPU\book\263749 
035 |a RU\TPU\book\263747 
090 |a 242433 
100 |a 20130903d2013 k||y0rusy50 ca 
101 0 |a rus 
102 |a RU 
135 |a arnn ---uucaa 
181 0 |a i  
182 0 |a b 
200 1 |a Проектно-ориентированное обучение в системе элитного технического образования в ТПУ  |f О. М. Замятина, П. И. Мозгалева, М. В. Лычаева 
203 |a Текст  |c электронный 
225 1 |a Современные формы и методы обучения в инженерном образовани 
300 |a Заглавие с экрана 
320 |a [Библиогр.: с. 163 (4 назв.)] 
330 |a В статье рассматривается опыт организации проектной работы в системе элитного технического образования (ЭТО) ТПУ. Система ЭТО, реализуемая в ТПУ с 2004 года, создаёт условия для формирования у студентов личностных и междисциплинарных компетенций, которые дают возможность применять полученные знания на практике 
337 |a Adobe Reader 
463 1 |0 (RuTPU)RU\TPU\book\262130  |t Уровневая подготовка специалистов: государственные и международные стандарты инженерного образования  |o сборник трудов научно-методической конференции, 26-30 марта 2013 г., Томск  |f Национальный исследовательский Томский политехнический университет (ТПУ) ; ред. кол. А. И. Чучалин [и др.]  |v [С. 160-163]  |d 2013 
610 1 |a труды учёных ТПУ 
610 1 |a электронный ресурс 
610 1 |a проектно-ориентированное обучение 
610 1 |a элитное образование 
610 1 |a техническое образование 
610 1 |a ТПУ 
610 1 |a компетенции 
700 1 |a Замятина  |b О. М.  |c специалист в области информатики и вычислительной техники  |c доцент Томского политехнического университета, кандидат технических наук  |f 1978-  |g Оксана Михайловна  |3 (RuTPU)RU\TPU\pers\25543  |9 11473 
701 1 |a Мозгалева  |b П. И.  |c специалист в области информатики и вычислительной техники  |c эксперт Томского политехнического университета  |f 1987-  |g Полина Игоревна  |3 (RuTPU)RU\TPU\pers\31069 
701 1 |a Лычаева  |b М. В.  |c специалист в области организации высшего профессионального образования  |c эксперт Томского политехнического университета  |f 1982-  |g Марина Владимировна  |3 (RuTPU)RU\TPU\pers\31189 
712 0 2 |a Национальный исследовательский Томский политехнический университет (ТПУ)  |b Институт кибернетики (ИК)  |b Кафедра оптимизации систем управления (ОСУ)  |3 (RuTPU)RU\TPU\col\18702 
712 0 2 |a Национальный исследовательский Томский политехнический университет (ТПУ)  |b Отдел элитного образования (ОЭО)  |3 (RuTPU)RU\TPU\col\18924 
712 0 2 |a Национальный исследовательский Томский политехнический университет (ТПУ)  |b Институт кибернетики (ИК)  |b Кафедра оптимизации систем управления (ОСУ)  |3 (RuTPU)RU\TPU\col\18702 
801 2 |a RU  |b 63413507  |c 20161111  |g RCR 
856 4 |u http://www.lib.tpu.ru/fulltext/c/2013/C09/091.pdf 
942 |c CF